1675 1235 1607 1091 1817 1161 1004 1840 1451 1746 1827 1614 1183 1367 1380 1744 1339 1059 1388 1160 1669 1197 1812 1034 1360 1518 1893 1628 1447 1087 1150 1883 1811 1434 1092 1403 1916 1436 1639 1991 1250 1185 1640 1218 1809 1915 1137 1448 1740 1147 1477 1595 1152 1120 1501 1789 1619 1894 1789 1345 1418 1557 1057 1503 1888 1630 1200 1759 1254 1143 1991 1507 1907 1867 1512 1292 1472 1485 1854 1326 1638 1107 1180 1191 1745 1190 1265 1344 1097 1867 1423 1539 1007 1424 1011 1603 1706 1488 1575 BCNSPRNW ULIB Ver.6.0+V

เปลี่ยนเป็นภาษาไทย

Change to English
 แสดงรายละเอียดบรรณานุกรม
  กลับหน้าหลัก

Brief Record : Get Marc (ISO 2709) : E-mail record : QR code < ปิดหน้าต่าง
LEADER : 00000nam 2200000uu 4500
001    13399111040
003     ULIB
008    110615s2552||||th 000 0 tha d
020    9789749900734
050  4 BF128.T35^bจ536จ 2552
245 00 จิตวิทยาทั่วไป /^cคณะผู้เขียน, จิราภา เต็งไตรรัตน์ ...[และคนอื่นๆ]
250    พิมพ์ครั้งที่ 6 แก้ไขเพิ่มเติม
260    กรุงเทพฯ :^bภาควิชาจิตวิทยา คณะศิลปศาสตร์มหาวิทยาลัยธรรมศาสตร์,^c2552
300    (14), 364 หน้า :^bภาพประกอบ ;^c26 ซม.
650  7 การปรับตัว
650  7 จิตวิทยา
650  7 บุคลิกภาพ
650  7 อารมณ์^xจิตวิทยา
700 0  จิราภา เต็งไตรรัตน์
710 2  มหาวิทยาลัยธรรมศาสตร์. ^bคณะศิลปศาสตร์. ^bภาควิชาจิตวิทยา
945    ^p370^l0^i026010
995    ทศพร
999 ^a ใช้งานได้ทุกระบบ
รายการนี้ยังไม่มีแท็ก
คุณยังไม่ได้ล็อกอิน คุณสามารถมีกิจกรรมร่วมกับเว็บไซต์ได้ แต่ต้องล็อกอินก่อน ::
  ล็อกอิน

รายการสื่อสารสนเทศ

ลำดับที่ ประเภท เลขเรียก/บาร์โค้ด สถานที่ สถานะ
- ไม่พบข้อมูล -

รายการใกล้เคียง
    หัวเรื่อง [การปรับตัว]
    หัวเรื่อง [จิตวิทยา]
    หัวเรื่อง [บุคลิกภาพ]

BibComment


ยังไม่เคยถูกคอมเมนท์

คอมเมนท์ทรัพยากรรายการนี้
  คอมเมนท์: จิตวิทยาทั่วไป ค..


 Copyright 2026. Bcnsprnw @Library